Formas : (Registro nro. 4339)

Detalles MARC
000 -LEADER
fixed length control field 00729nam a2200217Ia 4500
003 - CONTROL NUMBER IDENTIFIER
control field OSt
005 - DATE AND TIME OF LATEST TRANSACTION
control field 20200330121023.0
008 - FIXED-LENGTH DATA ELEMENTS--GENERAL INFORMATION
fixed length control field 191128t2014 ck a a 000 1 spa d
020 ## - INTERNATIONAL STANDARD BOOK NUMBER
International Standard Book Number 9789587663785
040 ## - CATALOGING SOURCE
Original cataloging agency CO-JMCR
Transcribing agency CO-JMCR
041 1# - LANGUAGE CODE
Language code of text/sound track or separate title spa
082 04 - DEWEY DECIMAL CLASSIFICATION NUMBER
Classification number A /
Item number FORm
245 10 - TITLE STATEMENT
Title Formas :
Remainder of title mi primer libro con ventanas /
250 ## - EDITION STATEMENT
Edition statement Primera edición
260 ## - PUBLICATION, DISTRIBUTION, ETC.
Place of publication, distribution, etc. Bogotá :
Name of publisher, distributor, etc. Panamericana,
Date of publication, distribution, etc. ©2014
300 ## - PHYSICAL DESCRIPTION
Extent [10] páginas :
Other physical details ilustraciones a color ;
Dimensions 16 cm.
520 ## - SUMMARY, ETC.
Summary, etc. En las páginas de este libro se esconde un pequeño error. Mientraas los niños lo descubren, podrán reconocer las formas y nombrar los objetos
546 ## - LANGUAGE NOTE
Language note spa
650 ## - SUBJECT ADDED ENTRY--TOPICAL TERM
Topical term or geographic name entry element Formas circulos y cuadrados
9 (RLIN) 1968
942 ## - ADDED ENTRY ELEMENTS (KOHA)
Source of classification or shelving scheme Dewey Decimal Classification
Koha item type Books
Existencias
Withdrawn status Lost status Source of classification or shelving scheme Damaged status Not for loan Collection code Home library Current library Date acquired Cost, normal purchase price Total Checkouts Full call number Barcode Date last seen Date last checked out Copy number Koha item type
    Dewey Decimal Classification     Fiction Biblioteca Pública José María del Castillo y Rada Biblioteca Pública José María del Castillo y Rada 11/28/2019 0.00 30 A / FORm 201809182 01/20/2026 01/19/2026 Ej.1 Books